000 01893nam a22004217a 4500
999 _c20810
_d20810
005 20200203164053.0
008 200203b xxu||||| |||| 00| 0 spa d
020 _a9789589351970
040 _aCO-BoIAVH
_cCO-BoIAVH
041 _aspa
044 _ack
082 _a622.09861
_bV61m
100 _aViana Saldarriaga, Jaime
_eEditor
245 _aMinería en Colombia
_bControl público, memoria y justicia socio-ecológica, movimientos sociales y posconflicto
_cJaime Viana Saldarriaga, editor; Luis Álvaro Pardo Becerra y otros investigadores
260 _aBogotá:
_bContraloría General de la República,
_c2014.
300 _a492 páginas,
_bMapas, gráficas y tablas,
_c25 x 18.9 cm
490 _vVolumen 4
504 _aBibliografía (Páginas 489 - 492)
650 0 _aIndustria minera
_x Aspectos ambientales
_z Colombia.
650 0 _aEcología política
650 0 _aConflictos ambientales
_xMinería
650 0 _aLicencias ambientales
650 0 _aDesarrollo sostenible
700 _aPardo-Becerra, Luis Alvaro
_eed.
700 _aRudas Lleras, Guillermo
_eInvestigador
700 _aRoa Acosta, Edgar Enrique
_eInvestigador
700 _aArbeláez Lamus, Leonardo
_eInvestigador
700 _aTorres Gutiérrez, Jorge Iván
_eInvestigador
700 _aCruz Feliciano, Jorge Enrique
_eInvestigador
700 _aSilva Bermúdez, Ana María
_eInvestigadora
700 _aMena Rodríguez, Jesus Antonio
_eInvestigador
700 _aPérez Rincón, Mario Alejandro
_eInvestigador
700 _aSalgado Araméndez, Carlos
_eInvestigador
700 _aÑañez Ortíz, Jimena
_eInvestigadora
700 _aVargas Valencia, Fernando
_eInvestigador
700 _aFierro Morales, Julio
_eInvestigador
942 _2ddc
_cLIBRO